El pensamiento lateral. Manual de creatividad.

Gespeichert in:
Bibliographische Detailangaben
1. Verfasser: Bono, Edward de (autor)
Format: Buch
Sprache:Spanisch
Veröffentlicht: Buenos Aires, Argentina: Paidos, 1991.
Schriftenreihe:Paidós / Plural.
Schlagworte:
Tags: Tag hinzufügen
Keine Tags, Fügen Sie den ersten Tag hinzu!

MARC

LEADER 00000nam a2200000 a 4500
001 UCW6373
003 CL-VaPUC
005 20250407202430.0
008 911129e19910000AG |||||||||||||||||spa|d
999 |c 219455  |d 219453 
020 |a 978-84-493-0590-X 
040 |c Pontificia Universidad Católica de Valparaíso 
082 0 4 |a 153.42 BON 1991  |2 21 
100 0 |a Bono, Edward de  |e autor  |9 311429 
245 1 3 |a El pensamiento lateral.  |b Manual de creatividad. 
260 |a Buenos Aires, Argentina:  |b Paidos,  |c 1991. 
300 |a 320 páginas. 
490 |a Paidós / Plural. 
500 |a c.3.-c.5. Instituto Arcos 8-1-2025 
583 |a last modification  |c 19911129 00:00:00  |k Rodrigo Vera 
650 0 |a Pensamiento creativo  |9 310706 
650 0 |a Habilidad creativa  |9 883529 
942 |c BK  |2 ddc  |n 0 
945 |d 19911129 00:00:00 
952 |0 0  |1 0  |4 0  |6 153_420000000000000_BON_1991  |7 0  |8 A  |9 210394  |a BIBEDU  |b BIBEDU  |d 2019-11-15  |i 2785145  |o 153.42 BON 1991  |p 2785145  |r 2019-11-15  |w 2019-11-15  |y BK  |k EDU 
952 |0 0  |1 0  |4 0  |6 153_420000000000000_BON_1991  |7 0  |8 A  |9 210395  |a BIBTEO  |b BIBTEO  |d 2019-11-15  |i 2785153  |o 153.42 BON 1991  |p 2785153  |r 2025-01-17  |w 2019-11-15  |y BK  |k ICR 
952 |0 0  |1 0  |2 ddc  |4 0  |6 153_420000000000000_BON_1991  |7 0  |8 A  |9 600668  |a BIBINC  |b BIBINC  |d 2025-01-08  |i 5665628  |o 153.42 BON 1991  |p 5665628  |r 2025-03-06  |t 3  |w 2025-03-06  |y BK  |k IFP 
952 |0 0  |1 0  |2 ddc  |4 0  |6 153_420000000000000_BON_1991  |7 0  |8 A  |9 601307  |a BIBINC  |b BIBINC  |d 2025-03-17  |i 5666202  |o 153.42 BON 1991  |p 5666202  |r 2025-03-17  |t 4  |w 2025-03-06  |y BK  |k IFP 
952 |0 0  |1 0  |2 ddc  |4 0  |6 153_420000000000000_BON_1991  |7 0  |8 A  |9 601308  |a BIBINC  |b BIBINC  |d 2025-03-17  |i 5666203  |o 153.42 BON 1991  |p 5666203  |r 2025-03-17  |t 5  |w 2025-03-06  |y BK  |k IFP